000 00330nam a22001457a 4500
005 20160625145602.0
008 160625b xxu||||| |||| 00| 0 eng d
041 _aeng
082 _b10111
245 _aIndia, A Sound Business Proposition
260 _bAssocham
_c1994
300 _a87
650 _aManagement
_9241
942 _cBK
999 _c4053
_d4052